Entry Personal Name
Number of records used in: 1
001 - CONTROL NUMBER
003 - CONTROL NUMBER IDENTIFIER
005 - DATE AND TIME OF LATEST TRANSACTION
- control field:
20230823095825.0
008 - FIXED-LENGTH DATA ELEMENTS
- fixed length control field:
771216n| azannaabn |n aaa
010 ## - LIBRARY OF CONGRESS CONTROL NUMBER
- LC control number:
n 77018232
035 ## - SYSTEM CONTROL NUMBER
- System control number:
(OCoLC)oca00134643
040 ## - CATALOGING SOURCE
- Original cataloging agency:
DLC
- Language of cataloging:
eng
- Description conventions:
rda
- Transcribing agency:
DLC
- Modifying agency:
NjP
- Modifying agency:
MoSU
046 ## - SPECIAL CODED DATES
- Birth date:
1948-07-31
- Source of date scheme:
edtf
100 1# - HEADING--PERSONAL NAME
- Personal name:
Shaw, William H.,
- Dates associated with a name:
1948-
370 ## - ASSOCIATED PLACE
- Associated country:
United States
- Other associated place:
San Jose (Calif.)
- Source of term:
naf
371 ## - ADDRESS
- Electronic mail address:
bill.shaw@sjsu.edu
372 ## - FIELD OF ACTIVITY
- Field of activity:
Philosophy
- Field of activity:
Ethics
- Source of term:
lcsh
373 ## - ASSOCIATED GROUP
- Associated group:
San José State University
- Source of term:
naf
374 ## - OCCUPATION
- Occupation:
University and college faculty members
- Source of term:
lcdgt
375 ## - GENDER
- Gender:
Males
- Source of term:
lcdgt
377 ## - ASSOCIATED LANGUAGE
670 ## - SOURCE DATA FOUND
- Source citation:
Justice and economic distribution, c1978 (a.e.)
- Information found:
t.p. (William H. Shaw, U. of Tenn.-Nashville) CIP data sheet (b. 7/31/48) pub. info. (Ph.D., London Sch. of Economics & Pol. Sci.)
670 ## - SOURCE DATA FOUND
- Source citation:
GB 78-20910
- Information found:
(Shaw, William Henry)
670 ## - SOURCE DATA FOUND
- Source citation:
Moore's ethics, 2020:
- Information found:
title page (William H. Shaw) page iii (William H. Shaw, San José States University. Author for correspondence: bill.shaw@sjsu.edu)